000 00479 a2200193 4500
005 20240627165808.0
010 _aB-759955
020 _a9789395976626
_c295.00
035 _aB-759955
037 _bGift
082 _aS
100 _aYadav, Naysa
_967893
245 _aAt Thorny Law/
_cNaysa Yadav
260 _aIndia
_bMaple Press
_c2023
270 _aIndia
300 _a245 p.
_c21 cm(Pb)
942 _adpl
_cCH
_2ddc
_hS
_mYAD
999 _c203809
_d203809